<?xml version="1.0" encoding="UTF-8"?>
<record
    xmlns:xsi="http://www.w3.org/2001/XMLSchema-instance"
    xsi:schemaLocation="http://www.loc.gov/MARC21/slim http://www.loc.gov/standards/marcxml/schema/MARC21slim.xsd"
    xmlns="http://www.loc.gov/MARC21/slim">

  <leader>00788nam a22002297a 4500</leader>
  <datafield tag="952" ind1=" " ind2=" ">
    <subfield code="a">0001</subfield>
    <subfield code="b">0001</subfield>
    <subfield code="d">2019-04-26</subfield>
    <subfield code="l">0</subfield>
    <subfield code="o">ATA 923.156 K47a 2018</subfield>
    <subfield code="p">006254</subfield>
    <subfield code="r">2019-04-26 00:00:00</subfield>
    <subfield code="w">2019-04-26</subfield>
    <subfield code="y">BKS</subfield>
  </datafield>
  <datafield tag="999" ind1=" " ind2=" ">
    <subfield code="c">13201</subfield>
    <subfield code="d">13201</subfield>
  </datafield>
  <controlfield tag="003">MIRAKIL</controlfield>
  <controlfield tag="005">20211214000614.0</controlfield>
  <controlfield tag="008">190426b        tu ||||| |||| 00| 0 tur d</controlfield>
  <datafield tag="020" ind1=" " ind2=" ">
    <subfield code="a">9786052982525</subfield>
  </datafield>
  <datafield tag="040" ind1=" " ind2=" ">
    <subfield code="a">TR-AnCHP</subfield>
    <subfield code="c">TR-AnCHP</subfield>
  </datafield>
  <datafield tag="041" ind1=" " ind2=" ">
    <subfield code="a">tur</subfield>
  </datafield>
  <datafield tag="082" ind1=" " ind2=" ">
    <subfield code="a">ATA 923.156</subfield>
    <subfield code="b">K47a 2018</subfield>
  </datafield>
  <datafield tag="100" ind1="1" ind2=" ">
    <subfield code="a">K&#x131;&#x15F;lal&#x131;, Ahmet Taner</subfield>
    <subfield code="d">1939-1999</subfield>
  </datafield>
  <datafield tag="245" ind1="1" ind2="0">
    <subfield code="a">Atat&#xFC;rk'e sald&#x131;rman&#x131;n dayan&#x131;lmaz hafifli&#x11F;i /</subfield>
    <subfield code="c">Ahmet Taner K&#x131;&#x15F;lal&#x131;.</subfield>
  </datafield>
  <datafield tag="260" ind1=" " ind2=" ">
    <subfield code="a">&#x130;stanbul :</subfield>
    <subfield code="b">K&#x131;rm&#x131;z&#x131; kedi yay&#x131;nevi ,</subfield>
    <subfield code="c">2018.</subfield>
  </datafield>
  <datafield tag="300" ind1=" " ind2=" ">
    <subfield code="a">411 s.:</subfield>
    <subfield code="c">20 sm.</subfield>
  </datafield>
  <datafield tag="490" ind1="0" ind2=" ">
    <subfield code="a">K&#x131;rm&#x131;z&#x131; kedi yay&#x131;nevi ;</subfield>
    <subfield code="a">&#x130;nceleme ;</subfield>
    <subfield code="v">894.</subfield>
    <subfield code="v">73.</subfield>
  </datafield>
  <datafield tag="600" ind1="1" ind2="4">
    <subfield code="9">4360</subfield>
    <subfield code="a">K&#x131;&#x15F;lal&#x131;, Ahmet Taner</subfield>
    <subfield code="c">Gazeteci</subfield>
    <subfield code="d">1939-1999</subfield>
    <subfield code="x">gazete yaz&#x131;lar&#x131;</subfield>
  </datafield>
  <datafield tag="650" ind1=" " ind2="0">
    <subfield code="a">Siyaset ve y&#xF6;netim</subfield>
    <subfield code="x">T&#xFC;rkiye</subfield>
    <subfield code="9">9</subfield>
  </datafield>
  <datafield tag="650" ind1=" " ind2="0">
    <subfield code="9">5673</subfield>
    <subfield code="a">Kemalizm</subfield>
    <subfield code="x">T&#xFC;rkiye</subfield>
  </datafield>
  <datafield tag="942" ind1=" " ind2=" ">
    <subfield code="2">ddc</subfield>
    <subfield code="c">BKS</subfield>
  </datafield>
</record>
